| 000 | 01106nam0a22003011 4500 | ||
|---|---|---|---|
| 001 | RU\INFOCOMM_322\NLR\5000098780 | ||
| 005 | 20250613103203.0 | ||
| 035 | _a(NLR Aleph) 009461667 | ||
| 090 |
_a8470717 _c8470717 |
||
| 100 | _a20121210d1971 |||y0rusy50 ca | ||
| 101 | 1 |
_afre _crus |
|
| 102 | _aRU | ||
| 105 | _ay z ||||| | ||
| 200 | 1 |
_aMéthodes géophysiques d'étude des sondages _e[Trad. du russe ...] _fS. Komarov |
|
| 210 |
_aM. _c"École supérieure" _d[1971] |
||
| 215 |
_a660 с. _cил. _d22 см |
||
| 300 | _aНа переплете авт. не указан | ||
| 300 | _aДоп. тит. л. на рус. яз.: С. Г. Комаров. Геофизические методы исследования скважин | ||
| 513 | 1 |
_aГеофизические методы исследования скважин _zrus |
|
| 620 | _aМосква | ||
| 686 |
_aГн-663 _2rubbk |
||
| 686 |
_a[Д443.У] _2rubbk |
||
| 700 | 1 |
_aKomarov _bS. G. _gSergej Grigor'evič |
|
| 801 | 1 |
_aRU _bNLR _c20121210 |
|
| 801 | 0 |
_aRU _bINFOCOMM _gPSBO |
|
| 852 |
_aNLR _jГн11 Д-5/9 |
||
| 942 | _cBOOK | ||
| 980 | _aNB | ||